Five Weakest Countries by Continent - Statistics

General Stats
  • This quiz has been taken 136 times
  • The average score is 12 of 27
Answer Stats
Continent Power Country % Correct
Asia 6.2017 Bhutan
73%
Asia 2.8728 Nepal
60%
South America 4.0003 Suriname
57%
South America 1.2181 Ecuador
56%
Europe 3.4845 Iceland
54%
South America 1.7863 Paraguay
54%
South America 1.9269 Uruguay
54%
South America 1.4339 Bolivia
52%
Oceania 2.0617 New Zealand
50%
North America 3.2877 Panama
50%
Europe 3.2863 Kosovo
49%
Europe 4.0861 Moldova
49%
North America 3.7178 Belize
47%
Oceania 0.2567 Australia
46%
North America 2.8583 El Salvador
46%
Europe 2.8704 Montenegro
44%
North America 2.5742 Dominican Republic
43%
Africa 4.0196 Somalia
41%
Africa 3.2931 Central African Republic
39%
Asia 2.3168 Laos
39%
North America 2.5685 Nicaragua
38%
Europe 3.0788 Bosnia and Herzegovina
37%
Asia 2.6403 Tajikistan
31%
Africa 4.1269 Benin
28%
Asia 2.3118 Afghanistan
27%
Africa 4.0006 Liberia
21%
Africa 3.5241 Sierra Leone
20%
No matching quizzes found
Score Distribution
Percent of People with Each Score
Percentile by Number Answered
Your Score History
You have not taken this quiz